Tendencias del desarrollo de los centros de formación técnica en Chile

Saved in:
書目詳細資料
Main Authors: Persico Jiménez, Pablo (Author), Persico Jiménez, María Cecilia (Author)
格式: 圖書
語言:西班牙语
出版: Santiago CPU 1995
主題:
標簽: 添加標簽
沒有標簽, 成為第一個標記此記錄!

MARC

LEADER 00000nam a2200000 a 4500
001 UCU4533
003 CL-VaPUC
008 960524e19950000CL |||||||||||||||||spa|d
082 0 4 |a 378.013  |b PER  |2 21 
100 0 |a Persico Jiménez, Pablo  |e author  |9 362133 
700 0 |a Persico Jiménez, María Cecilia  |e author  |9 362134 
245 1 0 |a Tendencias del desarrollo de los centros de formación técnica en Chile 
300 |a 234 p 
942 |c BK 
945 |d 19960524 00:00:00  |a rleighto 
260 |a Santiago  |b CPU  |c 1995 
650 0 |a Educación superior   |9 223851 
650 0 |a Educación técnica  |9 307052 
650 0 |a Formación profesional   |9 257232 
650 7 |a INSTITUTOS TECNOLOGICOS  |2 CL-VaPUC  |9 362135 
650 7 |a METODOS DE CAPACITACION  |2 CL-VaPUC  |9 339159 
651 7 |a CHILE  |2 CL-VaPUC  |9 362136 
583 |a last modification  |c 20170829 01:27:28  |k Rodrigo Vera 
999 |c 248216  |d 248214 
952 |0 0  |1 0  |4 0  |6 378_013000000000000_PER_1995  |7 0  |8 P  |9 264683  |a BIBEDU  |b BIBEDU  |c BIBEDU_PB  |d 2019-11-19  |i 3204146  |o 378.013 PER 1995  |p 3204146  |r 2024-01-25  |w 2019-11-19  |y BK  |k EDU 
952 |0 0  |1 0  |4 0  |6 378_013000000000000_PER_1995  |7 0  |8 A  |9 264684  |a BIBENE  |b BIBENE  |d 2019-11-19  |i 3212033  |o 378.013 PER 1995  |p 3212033  |r 2025-01-15  |w 2019-11-19  |y BK  |k ICO 
952 |0 0  |1 0  |4 0  |6 378_013000000000000_PER_1995  |7 0  |8 A  |9 264685  |a BIBHIS  |b BIBHIS  |d 2019-11-19  |i 3215490  |o 378.013 PER 1995  |p 3215490  |r 2025-01-20  |w 2019-11-19  |y BK  |k HIS